Statistics for 500 Flags of the World #1

Click here to take the quiz!

General Stats

  • This quiz has been taken 67 times
    (63 since last reset)
  • The average score is 99 of 500

Answer Stats

Answer% Correct
Wales
78%
Scotland
76%
England
66%
Greater London
61%
Northern Ireland
59%
Bavaria
56%
Gibraltar
56%
Guernsey
56%
Isle of Man
56%
Jersey
56%
Mayotte (Local/Traditional)
56%
Bermuda
54%
Catalonia
54%
Cook Islands
54%
Soviet Union
54%
Anguilla
51%
British Indian Ocean Territory
51%
Cayman Islands
51%
European Union
51%
Niue
51%
Tokelau
51%
Turks and Caicos Islands
51%
Åland (Islands)
49%
Aruba
49%
Basque Country
49%
Berlin
49%
British Virgin Islands
49%
Canary Islands
49%
Christmas Island
49%
Corsica
49%
New Caledonia
49%
Norfolk Island
49%
Quebec
49%
Wallonia
49%
Akrotiri and Dhekelia
46%
Bonaire (Alternatively Caribbean Netherlands)
46%
Cocos (Keeling) Islands
46%
Crimea
46%
Curacao
46%
Falkland Islands
46%
Greenland
46%
Martinique (Traditional)
46%
Reunion (Local)
46%
Sicily
46%
South Georgia and the South Sandwich Islands
46%
British Antarctic Territory
44%
British Columbia
44%
Faroe Islands
44%
Flanders
44%
Guadeloupe (Government)
44%
Guadeloupe (Local/Traditional)
44%
Guadeloupe (Local/Traditional)
44%
Martinique (Government)
44%
Montserrat
44%
Pitcairn Islands
44%
Ceuta
41%
French Polynesia
41%
Northern Cyprus
41%
Queensland
41%
Saba
41%
Saint Helena
41%
Sardinia
41%
Sint Maarten
41%
Tristan da Cunha
41%
African Union
39%
Alderney
39%
Ascension Island
39%
French Guiana (Local)
39%
Nunavut
39%
Ross Dependency
39%
Satin Pierre and Miquelon
39%
Shetland
39%
Spanish Empire
39%
Transnistria
39%
Wallis and Futuna
39%
Western Australia
39%
Australian Aboriginal
37%
Australian Capital Territory
37%
Austria-Hungary (Merchant Ensign)
37%
Azores
37%
Chechnya
37%
Cornwall
37%
French Southern and Antarctic Lands/Adelie Land
37%
Gibraltar (Registered Vessel)
37%
Kaliningrad
37%
Lord Howe Island
37%
Madeira
37%
Madrid
37%
Mallorca
37%
Martinique (Co-official/Local)
37%
Melilla
37%
New South Wales
37%
Nova Scotia
37%
Orkney
37%
Roman Empire
37%
Sami People
37%
Sark
37%
Sint Eustatius
37%
Tasmania
37%
United Nations
37%
Alberta
34%
Balearic Islands
34%
Herm
34%
Menorca
34%
Newfoundland and Labrador
34%
Ontario
34%
Saint Barthelemy
34%
South Australia
34%
Victoria
34%
Asia Cooperation Dialogue
32%
Calabria
32%
East Germany
32%
German Empire
32%
Holy Roman Empire
32%
Manitoba
32%
Netherlands Antilles
32%
North Ossetia-Alania
32%
Prince Edward Island
32%
Saint Martin (Government)
32%
Tuva
32%
Valencian Community
32%
Andalusia
29%
Australian Antarctic Territory
29%
Brittany
29%
Brussels-Capital Region
29%
Chatham Islands
29%
Donetsk (People's Republic)
29%
Emilia-Romagna
29%
Friesland
29%
Ibiza
29%
Kalmykia
29%
Lazio
29%
Lombardy
29%
Moscow
29%
New Brunswick
29%
Northern Territory
29%
Saskatchewan
29%
Tatarstan
29%
Yugoslavia
29%
Yukon
29%
Amsterdam
27%
Asturias
27%
Baden-Württemberg
27%
Baden-Württemberg (Lesser Arms)
27%
Berlin (State Service Flag)
27%
Bouvet Island
27%
Chuvashia
27%
(City of) London
27%
Council of Europe
27%
Dagestan
27%
Galicia
27%
Hamburg
27%
Ingushetia
27%
Isle of Wight
27%
Landtag of Saxony
27%
Mari El
27%
Navarre
27%
Northwest Territories
27%
Saxony (state)
27%
Tino rangatiratanga (National Maori Flag)
27%
Udmurtia
27%
Adygea
24%
Aragon
24%
Bashkortostan
24%
Bavaria (Striped)
24%
Bremen (Dienstflagge)
24%
Buryatia
24%
Czechoslovakia
24%
Darwin
24%
French Guiana (Government)
24%
Karelia
24%
Komi Republic
24%
Mecklenburg-Vorpommern
24%
Molise
24%
Mordovia
24%
Republika Srpska
24%
St. Petersburg
24%
Svalbard and Jan Mayen
24%
Tuscany
24%
Altai Republic
22%
Anglesey
22%
Baden-Württemberg (Greater Arms)
22%
Brandenburg
22%
Cape Breton Island (Unofficial Version)
22%
Gagauzia
22%
Gibraltar (Government Vessel)
22%
Kabardino-Balkaria
22%
Karachay-Cherkessia
22%
Khakassia
22%
Lower Saxony (Niedersachsen)
22%
Luhansk (People's Republic)
22%
Portuguese Macau
22%
Rome
22%
Saarland
22%
Sakha
22%
Tenerife
22%
Veneto
22%
Altai Krai
20%
Bern (Coat of Arms)
20%
Bremen
20%
Bremen (Staatsflagge)
20%
Dublin
20%
Extremadura
20%
Fuerteventura
20%
Hamburg (admiralty)
20%
Hamburg (state)
20%
Heard and McDonald Islands
20%
Hesse (state)
20%
Isle of Sicily
20%
Jewish Autonomous Oblast
20%
Kyiv
20%
La Palma
20%
La Rioja
20%
Mecklenburg-Vorpommern (state)
20%
North Rhine-Westphalia (state)
20%
Saxony
20%
Saxony-Anhalt
20%
Torres Strait Islander
20%
British Antarctic Territory (alternate)
17%
Cardiff
17%
Castilla-La Mancha
17%
Crete
17%
Edinburgh
17%
Flevoland
17%
Formentera
17%
Hesse
17%
Krasnodar Krai
17%
Mount Athos
17%
North Rhine-Westphalia
17%
Occitania
17%
Ottawa
17%
Piedmont
17%
President of Ireland
17%
Primorsky Krai
17%
Region de Murcia
17%
Reunion (Traditional)
17%
Rhineland-Palatinate
17%
South Holland
17%
Sydney
17%
Tyrol
17%
Aosta Valley
15%
Barra
15%
Bumbunga
15%
Cantabria
15%
Christiania
15%
Friuli-Venezia Giulia
15%
Gambier Islands
15%
Gozo
15%
Groningen
15%
Hutt River
15%
Isle of Portland
15%
Kamchatka Krai
15%
La Gomera
15%
Liguria
15%
Marquesas Islands
15%
Murrawarri Republic
15%
North Brabant
15%
Oslo
15%
Perm Krai
15%
Schleswig-Holstein
15%
Schleswig-Holstein (state)
15%
Stavropol Krai
15%
Thuringia
15%
Thuringia (state)
15%
Trentino Alto Adige
15%
Vienna
15%
Warsaw
15%
Zala County
15%
Zeeland
15%
Abruzzo
12%
Adelaide
12%
Antwerp
12%
Apulia
12%
Ashmore and Cartier Islands
12%
Athens
12%
Atlantium
12%
Austral Islands
12%
Belfast
12%
British Cyprus
12%
Burgenland
12%
El Hierro
12%
Gelderland
12%
Khabarovsk Krai
12%
Lanzarote
12%
Limburg (Netherlands)
12%
Lisbon
12%
Lucina
12%
Luxembourg (Capital City)
12%
Minsk
12%
Munster
12%
Native Guyanese
12%
Outer Hebrides
12%
Reykjavik
12%
Royal Banner of Scotland
12%
Royal Prussia
12%
Society Islands
12%
South Uist
12%
Stockholm
12%
Tuamotu Archipelago
12%
Utrecht
12%
Wellington
12%
Zabaykalsky Krai
12%
Zagreb
12%
Belgrade
10%
Bourgogne-Franche-Comté
10%
Brest Voblast
10%
Brisbane
10%
Campania
10%
Capital Region of Denmark
10%
Castile and Leon
10%
Central Denmark Region
10%
Chisinau
10%
Donetsk Oblast
10%
Drenthe
10%
East Karelians
10%
French Guiana (Traditional)
10%
Gay and Lesbian Kingdom of the Coral Sea Islands
10%
German-speaking community
10%
Helsinki
10%
Krasnoyarsk Krai
10%
Leinster
10%
Ljubljana
10%
Lower Austria
10%
Melbourne
10%
Muslims
10%
Newfoundland Tricolor
10%
Nicosia
10%
Normandy
10%
North Denmark (Jutland) Region
10%
North Holland
10%
Organization of American States
10%
Otago
10%
Overjissel
10%
Perth
10%
Podgorica
10%
Prague
10%
Pristina
10%
Prussia
10%
Region of Southern Denmark
10%
Riga
10%
Salzburg
10%
Sofia
10%
Székely Land
10%
Tallinn
10%
Ulster
10%
Umbria
10%
Union of South American Nations
10%
Uvea
10%
Valletta
10%
Vorarlberg
10%
Western Canada
10%
Worcestershire
10%
Alo
7%
Anangu Pitjantjatjara Yankunytjatjara
7%
Austrian Empire
7%
Bear Island
7%
Bohemia
7%
Breton Vexillological Society
7%
Brussels (Community Commission)
7%
Budapest
7%
Cape Breton Island
7%
Carinthia
7%
Clipperton Island
7%
Coral Sea Islands Territory
7%
Diekirch
7%
Elleore
7%
Flag Society of Australia
7%
Forest Finns
7%
Governor-general of Canada
7%
Hainaut
7%
Hobart
7%
Île-de-France
7%
Irkutsk Oblast
7%
(Island of) Vancouver
7%
Isle of Skye
7%
Jervis Bay Territory
7%
Knights (of) Templar
7%
Labrador
7%
Latvian Russians
7%
Limburg (Belgium)
7%
Luxembourg (Province)
7%
Miquelon-Langlade
7%
Moldavia
7%
Monaco (Lozenge)
7%
North Province
7%
Nouvelle-Aquitaine
7%
Outer Bald Tusket Island
7%
Paris
7%
Region of Macedonia
7%
Region Zealand
7%
Saguenay-Lac-Saint-Jean
7%
Sarajevo
7%
Sevastopol
7%
Sigave
7%
Skopje
7%
South Province
7%
Styria
7%
Upper Austria
7%
Vaduz
7%
Walloon Brabant
7%
Western Greece
7%
West Flanders
7%
Ærø
5%
Auvergne-Rhône-Alpes
5%
Basilicata
5%
Bornholm
5%
Bucharest
5%
Central Finland
5%
Central Ostrobothnia
5%
Centre Region
5%
Connacht
5%
East Flanders
5%
Eurasian Economic Union
5%
Frisians in Denmark
5%
Grand Est
5%
Greek Aromanians
5%
Hauts-de-France
5%
Hrodna Voblasts
5%
Ingrians
5%
Ivano-Frankivsk Oblast
5%
Liege
5%
Lithuania (state)
5%
Lordship of Milan
5%
Loyalty Islands
5%
Marche
5%
Mide
5%
Moravia
5%
Mulgi People
5%
Namur
5%
Northern Savonia
5%
Pacific Islands Forum
5%
Partioheraldikot
5%
Pays de la Loire
5%
Romansh People
5%
Setos
5%
South Aegean
5%
Southern Ostrobothnia
5%
South Savonia
5%
Thessaly
5%
Transylvania
5%
Triesen
5%
Uusimaa
5%
Vilnius
5%
Voros
5%
Yenish People
5%
Zagubica
5%
Anenii Noi
2%
Balzers
2%
Banská Bystrica Region
2%
Betzdorf
2%
Cieszyn Silesia
2%
Crimslia
2%
Dnipro Oblast
2%
Drochia
2%
Eschen
2%
Flag Data Center (Czechia)
2%
Flemish Brabaunt
2%
French Society of Vexillology
2%
Gamprin
2%
Gran Cranaria
2%
Kainuu
2%
Kherson Oblast
2%
Kociewie
2%
Lajtabánság
2%
Mahilyow Voblasts
2%
Mauren
2%
Minsk Voblast
2%
North Karelia
2%
North Schleswig Germans
2%
Päijänne Tavastia
2%
Planken
2%
Prešov Region
2%
Region Sud
2%
Sarajevo Canton
2%
Sarakatsani
2%
Satakunta
2%
Schaan
2%
Schellenberg
2%
Tavastia Proper
2%
Triesenberg
2%
Trnava Region
2%
Western Pomerania
2%
Žilina Region
2%
Bratislava Region
0%
Cherkasy Oblast
0%
Chernihiv Oblast
0%
Chernivtsi Oblast
0%
Czech Silesia
0%
Homiel Voblast
0%
Kharkiv Oblast
0%
Khmelnitskyi Oblast
0%
Košice Region
0%
Nitra Region
0%
Orhei
0%
Ruggell
0%
Tiraspol
0%
Trenčín Region
0%
Ungheni
0%
Vitsebsk Voblasts
0%
Wallachia
0%

Score Distribution

Percentile by Number Answered

Percent of People with Each Score

Your Score History

You have not taken this quiz since the last reset